Statistical definition (Record no. 78585)

MARC details
000 -LEADER
fixed length control field 00840cab a22002055a 4500
001 - CONTROL NUMBER
control field L137374
008 - FIXED-LENGTH DATA ELEMENTS--GENERAL INFORMATION
fixed length control field 070403e2007 xxk 000 0 eng d
035 ## - SYSTEM CONTROL NUMBER
System control number (Sirsi) u137374
041 0# - LANGUAGE CODE
Language code of text/sound track or separate title eng
100 1# - MAIN ENTRY--PERSONAL NAME
Personal name Jenkinson, Graham
245 00 - TITLE STATEMENT
Title Statistical definition
260 ## - PUBLICATION, DISTRIBUTION, ETC.
Date of publication, distribution, etc. 2007
490 #0 - SERIES STATEMENT
Series statement Premises and Facilities Management
Volume/sequential designation March 2007, 35-36(2)
520 ## - SUMMARY, ETC.
Summary, etc. Discusses the new Standard Industrial Classification to be introduced from 2008, the data this will provide for the facilities management sector and the sources of the data. Concludes that the data will be of a higher quality but in the shorter term may be inaccurate as the data will take time to compile.
590 ## - LOCAL NOTE (RLIN)
Local note KA
650 24 - SUBJECT ADDED ENTRY--TOPICAL TERM
Topical term or geographic name entry element STANDARD INDUSTRIAL CLASSIFICATION
651 #4 - SUBJECT ADDED ENTRY--GEOGRAPHIC NAME
Geographic name United Kingdom
Chronological subdivision
690 ## - LOCAL SUBJECT ADDED ENTRY--TOPICAL TERM (OCLC, RLIN)
Topical term or geographic name as entry element MANAGEMENT-FACILITIES MANAGEMENT
942 ## - ADDED ENTRY ELEMENTS (KOHA)
Suppress in OPAC 0
Holdings
Withdrawn status Lost status Source of classification or shelving scheme Damaged status Not for loan Home library Current library Shelving location Date acquired Total Checkouts Full call number Barcode Date last seen Copy number Price effective from Koha item type
    Dewey Decimal Classification     London London Journal article 03/04/2007   L137374 137374-1001 06/08/2019 1 06/08/2019 Journal article